000 00291nam a2200121Ia 4500
005 20260328104248.0
008 260328s9999||||xx |||||||||||||| ||und||
100 _aInn, Henry
245 0 _aChinese Houses and Garden /
_cHenry Inn
260 _bHastings House
650 _aCHINA
942 _cBK
999 _c10135
_d10135